Amori in stazione /

Gespeichert in:
Bibliographische Detailangaben
1. Verfasser: Marinelli, Giancarlo, (1973- ) (Verfasst von)
Format: Buch
Sprache:Italienisch
Veröffentlicht: Parma : U. Guanda, [1995]
Schriftenreihe:Prosa contemporanea
Tags: Tag hinzufügen
Keine Tags, Fügen Sie das erste Tag hinzu!

MARC

LEADER 00000nam a22000007i 4500
001 IT\ICCU\LO1\0380025
003 ItRI
005 20250215180659.0
008 951023s1995 it |||||| |||||1|||||c
020 |a 8877468513 
040 |b ita  |c ARCIGAY RIMINI 
041 7 |a ita  |2 ISO-639-2 
082 |a 853.914  |2 19 
100 1 |a Marinelli, Giancarlo,  |d  (1973- )  |0 IT\ICCU\RAVV\068578  |4 aut 
245 1 0 |a Amori in stazione /  |c Giancarlo Marinelli. 
260 |a Parma :  |b U. Guanda,  |c [1995] 
300 |a 123 p. ;  |c 20 cm. 
830 0 |a Prosa contemporanea  |0 IT\ICCU\CFI\0003884 
942 |2 ddc  |c BK 
952 |0 0  |1 0  |2 ddc  |4 0  |6 853_914000000000000_MAR_AMO  |7 1  |9 3156  |a RN  |b RN  |d 2025-02-15  |l 0  |o 853.914 MAR AMO  |p 10421  |r 2025-02-15 18:07:36  |w 2025-02-15  |x Donazione di Giovanni Rimondini  |y BK  |z Donazione di Giovanni Rimondini 
981 1 |6 z01  |a i   |b xxxe  
982 1 |6 z01  |a n 
999 |c 2541  |d 2541